000 00433nam a2200145Ia 4500
008 100204s9999 xx 000 0 und d
082 _b15113
100 _aबांदोडकर गो. पु.
245 _aभागीदार
260 _b"प्रिया प्रकाशन, मुंबई"
_c1991
300 _a212
630 _aभागीदार
730 _aभागीदार
942 _cBOOK
999 _c459544
_d459541